Fuentes de energía renovables y no renovables: aplicaciones
Saved in:
| Main Authors: | , |
|---|---|
| Format: | Bog |
| Sprog: | spansk |
| Udgivet: |
Cuernavaca
Alfaomega
2014
|
| Udgivelse: | 1a. ed |
| Fag: | |
| Tags: |
Tilføj Tag
Ingen Tags, Vær først til at tagge denne postø!
|
MARC
| LEADER | 00000cam a2200000 a 4500 | ||
|---|---|---|---|
| 001 | UCC6552 | ||
| 003 | CL-VaPUC | ||
| 008 | 181213e20140000mx |||||||||||||||||spa|d | ||
| 020 | |a 9786077078203 | ||
| 082 | 0 | 4 | |a 333.79 |b VEG |2 21 |
| 100 | 0 | |a Vega de Kuyper, Juan carlos |e author |9 601030 | |
| 700 | 0 | |a Ramírez Morales, Santiago |e author |9 601031 | |
| 245 | 1 | 0 | |a Fuentes de energía renovables y no renovables: aplicaciones |
| 250 | |a 1a. ed | ||
| 300 | |a 668 p | ||
| 942 | |c BK | ||
| 945 | |d 20181213 14:55:00 |a dcastane | ||
| 260 | |a Cuernavaca |b Alfaomega |c 2014 | ||
| 650 | 0 | |a Recursos energéticos |9 263206 | |
| 650 | 0 | |a Aspectos económicos |9 255165 | |
| 650 | 0 | |a Aspectos sociales |9 254894 | |
| 650 | 0 | |a Energía |9 259431 | |
| 650 | 7 | |a DESARROLLO ENERGETICO |2 CL-VaPUC |9 323436 | |
| 583 | |a last modification |c 20181213 14:55:00 |k Rodrigo Vera | ||
| 999 | |c 373492 |d 373490 | ||
| 952 | |0 0 |1 0 |3 erb |4 0 |6 333_790000000000000_VEG_2014 |7 0 |8 A |9 491603 |a BIBING |b BIBING |i 5523508 |o 333.79 VEG 2014 |p 5523508 |r 2025-01-20 |w 2019-11-24 |y BK |z Catalogado en:20181213 |k TRA | ||